000 00465nam a22001577a 4500
005 20240422133938.0
008 240422b |||||||| |||| 00| 0 eng d
041 _aEnglish
082 _a349 LAW
100 _lEnglish
245 _aThe Law Reports : Queen's Bench Division
260 _aLondon:
_bWilliam Clowes and Sons Ltd,
_c1893
300 _bxv ; 809 pages ,
_c25 cm.
650 _aLegal practice
_bLaw
942 _cBK
_6ALISON_BN_VRIES
999 _c1548
_d1548